বঙ্গবন্ধুর মন্ত্রিসভায় / (Record no. 78506)
[ view plain ]
| 000 -LEADER | |
|---|---|
| fixed length control field | 01037nam a22002657a 4500 |
| 001 - CONTROL NUMBER | |
| control field | 78506 |
| 003 - CONTROL NUMBER IDENTIFIER | |
| rucl marc code | BD-RjUL |
| 005 - DATE AND TIME OF LATEST TRANSACTION | |
| control field | 20211209083134.0 |
| 008 - FIXED-LENGTH DATA ELEMENTS--GENERAL INFORMATION | |
| fixed length control field | 210929s1991 bg ||||| |||| 00| 0 b d |
| 035 ## - SYSTEM CONTROL NUMBER | |
| System control number | (BD-RjUL) |
| 040 ## - CATALOGING SOURCE | |
| Original cataloging agency | BD-RjUL |
| Language of cataloging | ben/eng |
| Transcribing agency | BD-RjUL |
| 041 ## - LANGUAGE CODE | |
| Language code of text/sound track or separate title | ben |
| 082 ## - DEWEY DECIMAL CLASSIFICATION NUMBER | |
| Edition number | 23 |
| Classification number | 954.92 |
| Author mark and year | CHB 1991 |
| 100 ## - MAIN ENTRY--PERSONAL NAME | |
| Personal name | চৌধুরী, মফিজ |
| 9 (RLIN) | 248663 |
| 245 10 - TITLE STATEMENT | |
| Title | বঙ্গবন্ধুর মন্ত্রিসভায় / |
| Statement of responsibility, etc. | মফিজ চৌধুরী |
| 250 ## - EDITION STATEMENT | |
| Edition statement | ১ম প্রকাশ |
| 260 ## - PUBLICATION, DISTRIBUTION, ETC. (IMPRINT) | |
| Place of publication, distribution, etc. | ঢাকা: |
| Name of publisher, distributor, etc. | ইউনিভার্সিটি প্রেস লিমিটেড, |
| Date of publication, distribution, etc. | ১৯৯১ |
| 300 ## - PHYSICAL DESCRIPTION | |
| Pagination | [৮], ১১২ পৃ. ; |
| Size | ২২ সেমি. |
| 650 ## - SUBJECT ADDED ENTRY--TOPICAL TERM | |
| Chronological subdivision | |
| 9 (RLIN) | 248664 |
| 651 ## - SUBJECT ADDED ENTRY--GEOGRAPHIC NAME | |
| Geographic name | বাংলাদেশ |
| General subdivision | রাজনীতি এবং সরকার |
| 9 (RLIN) | 248665 |
| Geographic name | Bangladesh |
| General subdivision | Politics and government |
| 9 (RLIN) | 248666 |
| Geographic name | বাংলাদেশ |
| General subdivision | ইতিহাস |
| 9 (RLIN) | 248667 |
| Geographic name | Bangladesh |
| General subdivision | History |
| 9 (RLIN) | 248668 |
| 942 ## - ADDED ENTRY ELEMENTS (KOHA) | |
| Source of classification or shelving scheme | Dewey Decimal Classification |
| Koha item type | Rare Books |
| Lost status | Source of classification or shelving scheme | Damaged status | Not for loan | Collection code | Permanent Location | Current Location | Shelving location | Date acquired | Source of acquisition | Cost, normal purchase price | Total Checkouts | Full call number | Date last seen | Copy number | Koha item type |
|---|---|---|---|---|---|---|---|---|---|---|---|---|---|---|---|
| Dewey Decimal Classification | Not For Loan | Rare Books | Central Library, University of Rajshahi | Central Library, University of Rajshahi | Rare Book Section | 07/03/1991 | Dhaka, University Press Limited | 80.00 | BRA 954.92 CHB 1991 | 29/09/2021 | C-1 | Rare Books |